000 00592nam a2200277Ia 4500
005 20260401122229.0
008 008 250103s9999 xx 000 0 eng d
020 _a631208062
037 _aTB
040 _aEDL
040 _beng
040 _cEDL
041 _2eng
041 _aeng
084 _a822.33 CAL
084 _qEDL
245 0 _aFeminist Companion to Shakespeare
260 _aMalden
260 _bBlackwell Publishers
260 _c2000
300 _a384p
942 _cTB
942 _h822.33 CAL
999 _c1845823
_d1845823